| 000 | 00376 a2200169 4500 | ||
|---|---|---|---|
| 001 | 183604 | ||
| 020 | _a978-85-260-0998-1 | ||
| 040 | _cMagnum | ||
| 100 | _aRey, Marcos | ||
| 240 | 1 | 0 |
_aO mistério do cinco estrelas _lpor |
| 245 | 1 | 0 | _aO mistério do cinco estrelas |
| 300 | _a125 | ||
| 362 | 0 | _a2011 | |
| 440 | 1 | _aGlobal | |
| 697 | _aLITERATURA JUVENIL | ||
| 942 | _cBK | ||
| 999 |
_c183604 _d183604 |
||